Orígenes de la crisis del actual orden establecido en Guatemala

Saved in:
Bibliographic Details
Main Author: Castellanos Cambranes, Julio
Format: Text
Published: New Mexico: Universidad de New Mexico
Tags: Add Tag
No Tags, Be the first to tag this record!

MARC

LEADER 00000 a a2200000 04500
001 22252
003
040
090 |a 151100  
100 |a Castellanos Cambranes, Julio  
245 |a Orígenes de la crisis del actual orden establecido en Guatemala  
260 |a New Mexico:   |b Universidad de New Mexico  
300 |a 93 p.   |b **no definido**   |b map.  
999 |c 6314  |d 6314